=LDR 00000nam 2200000 4500 =001 INLIS000000000024953 =005 20210210091132 =035 ##$$a 0010-061300000024953 =008 210210################g##########0#ind## =041 ##$$a Ind =082 ##$$a 305.4 =090 ##$$a 305.4, Kis k =245 ##$$a Kisah nyata wanita dan problema /$c Editor, Endah S. Ambarwati Sutadi =260 ##$$a Jakarta :$b Intermasa,$c 1997 =300 ##$$a x, 226 hlm, ; $c 19 x 11 cm. =650 #4$$a Wanita-Problema =850 ##$$a NBPNMAT =084 ##$$a 305.4 KIS k =700 #$$a Sutadi, Endah S. Ambarwati =990 ##$$a 135.175/Pro.98 =990 ##$$a 135.174/Pro.98